000 00215nam a22001097a 4500
020 _a9789352755684
082 _aK390
100 _aBLAND, NICK
245 _aTHE FABULOUS FRIEND MACHINE
300 _a16P
942 _cBK
999 _c8675
_d8675